| 000 | 005520000a22001930004500 | ||
|---|---|---|---|
| 020 | _a84-301-0590-5 | ||
| 041 | 0 | _aSPA | |
| 082 | 0 | 4 | _aG 261.1 M729e |
| 100 | 1 | _aMoltmann, Jürgen | |
| 245 | 1 | 0 | _aEl lenguaje de la liberación / Jürgen Moltmann ; Julian Aguirre, Traductor |
| 260 | _aSalamanca, España : Sígueme | ||
| 300 | _a184 Pag | ||
| 500 | _aTítulo original : Die sprache der befreiung | ||
| 001 | 6816 | ||
| 942 | _cBK | ||
| 999 |
_c37074 _d37074 |
||
| 336 |
_atexto _btxt _2rdacontent |
||
| 337 |
_2rdamedia _asin mediación _bn |
||
| 338 |
_2rdacarrier _avolumen _bnc |
||